1887 1112 1688 1919 1061 1635 1947 1498 1392 1232 1619 1135 1835 1501 1061 1855 1669 1998 1720 1019 1611 1220 1748 1828 1006 1578 1583 1002 1166 1625 1223 1176 1446 1249 1090 1948 1924 1258 1886 1811 1147 1519 1102 1148 1025 1497 1253 1141 1847 1866 1659 1637 1981 1252 1982 1760 1452 1859 1800 1823 1782 1073 1993 1736 1604 1776 1415 1845 1308 1262 1160 1418 1299 1166 1285 1924 1309 1102 1211 1140 1439 1078 1328 1249 1020 1927 1533 1793 1622 1931 1948 1974 1851 1558 1914 1878 1615 1206 1879 BCNSPRNW ULIB Ver.6.0+V

เปลี่ยนเป็นภาษาไทย

Change to English
 แสดงรายละเอียดบรรณานุกรม
  กลับหน้าหลัก

Brief Record : Get Marc (ISO 2709) : E-mail record : QR code < ปิดหน้าต่าง
LEADER : 00000nam 2200000uu 4500
001    13399110238
003     ULIB
008    110426s2545||||th 000 0 tha d
060  4 WM30^bร582ส 2545
110 2  โรงพยาบาลสมเด็จเจ้าพระยา กรมสุขภาพจิต กระทรวงสาธารณสุข
245 10 สรุปและประเมินผลการดำเนินงานโครงการพัฒนาเครือข่ายระบบสุขภาพจิตปีงบประมาณ 2545 /^cโดย โรงพยาบาลสมเด็จเจ้าพระยา
260    [นนทบุรี] :^bโรงพยาบาลสมเด็จเจ้าพระยา กรมสุขภาพจิต,^c2545
300    200 หน้า :^bภาพประกอบ ;^c29 ซม
650  7 สุขภาพจิต
945    ^p0^l0^i015750
995    ทศพร
999 ^a ใช้งานได้ทุกระบบ
รายการนี้ยังไม่มีแท็ก
คุณยังไม่ได้ล็อกอิน คุณสามารถมีกิจกรรมร่วมกับเว็บไซต์ได้ แต่ต้องล็อกอินก่อน ::
  ล็อกอิน

รายการสื่อสารสนเทศ

ลำดับที่ ประเภท เลขเรียก/บาร์โค้ด สถานที่ สถานะ
- ไม่พบข้อมูล -

รายการใกล้เคียง
    หัวเรื่อง [สุขภาพจิต]

BibComment


ยังไม่เคยถูกคอมเมนท์

คอมเมนท์ทรัพยากรรายการนี้
  คอมเมนท์: สรุปและประเมินผลก..


 Copyright 2026. Bcnsprnw @Library